| 000 | 01566cam a22001934a 4500 | ||
|---|---|---|---|
| 005 | 20250605164022.0 | ||
| 008 | 250528s ||||||||||||||||||||||||d | ||
| 035 | _a16391 | ||
| 040 |
_aGR-AtMCL _bgre _dGR-AtMCL _eAACR2 |
||
| 245 | 1 | _aΣύγχρονη Πολιτική Οικονομία / Μικροοικονομική και Μακροοικονομική | |
| 260 |
_bInterbooks, _c1992 |
||
| 300 | _a272 | ||
| 520 | _aΕισαγωγή στην Οικονομική Επιστήμη, Βασικές Οικονομικές Έννοιες, Η Ιστορική Εξέλιξη της Οικονομικής Επιστήμης και των Οικονομικών Θεωριών, Η Παραγωγή των Αγαθών, Οργάνωση της Παραγωγής, Συστήματα Οικονομικής Οργάνωσης, Η Διαμόρφωση των Τιμών των Αγαθών, Ο Έλεγχος των Τιμών, Το Εθνικό Προϊόν, Κατανάλωση - Αποταμίευση - Επένδυση, Το Χρήμα, Οι Τράπεζες, Εξωτερικό Εμπόριο, Τα Δημόσια Οικονομικά, Ο Προσδιορισμός της Αμοιβής των Συντελεστών της Παραγωγής, Η Ανεργία, Οικονομικές Διακυμάνσεις, Το Βασικό Πρόβλημα του Πληθυσμού. | ||
| 700 | 1 | _aΣφακιανός Γρηγόριος Κ | |
| 700 | 1 |
_aΣφακιανος Κωνσταντινος Γρηγ _92485 |
|
| 942 | _cBK | ||
| 999 |
_c1896 _d1896 |
||